00727nam a2200241 a 4500001001300000003000900013005001700022008004100039020002300080082001300103100002200116245005300138260003800191300000900229500003500238505003300273650001100306700002200317902000800339942000700347952011400354999001700468nice12345678IN_TiNIC20260116014055.0050524s1999 edia grp 000 0 eng  a1841956 c40000a170bHOL aHolloway, Richard aGodless Morality, Keeping Religion Out of Ethics aEdinburgh (u.K)bCanon Gatec1999 a163p aincludes index and biblioraphy2 aNotes, Selected Bibliography aEthics1 aHolloway, Richard bSRS cBK 001040708StackRoom-aHMIbHMId2007-03-15g400.00l0o170 HOLp020701r2007-03-15v400.00w2005-05-24yBK c13758d13758